Dialogue in Nigeria (Record no. 16073)
[ view plain ]
| 000 -LEADER | |
|---|---|
| fixed length control field | 00602nam a22001457a 4500 |
| 003 - CONTROL NUMBER IDENTIFIER | |
| control field | OSt |
| 005 - DATE AND TIME OF LATEST TRANSACTION | |
| control field | 20170105102931.0 |
| 008 - FIXED-LENGTH DATA ELEMENTS--GENERAL INFORMATION | |
| fixed length control field | 140529b xxu||||| |||| 00| 0 eng d |
| 040 ## - CATALOGING SOURCE | |
| Original cataloging agency | 1 |
| 245 ## - TITLE STATEMENT | |
| Title | Dialogue in Nigeria |
| Remainder of title | 2nd International Conference on Youth & interfaith Communication Jos, Nigeria~October 22-24, 2010 |
| 260 ## - PUBLICATION, DISTRIBUTION, ETC. | |
| Place of publication, distribution, etc. | Nigeria |
| Date of publication, distribution, etc. | 2010 |
| 300 ## - PHYSICAL DESCRIPTION | |
| Extent | 65 M |
| 520 ## - SUMMARY, ETC. | |
| Summary, etc. | Two hundred courageous Muslim and Christian young adults met in face-to- face dialogue. Listening to learn. They discovered their equal humanity and that “an enemy is one whose story we have not heard”. |
| 942 ## - ADDED ENTRY ELEMENTS (KOHA) | |
| Source of classification or shelving scheme | |
| Koha item type | Computer Files |
| Withdrawn status | Lost status | Damaged status | Not for loan | Collection code | Permanent Location | Current Location | Shelving location | Date acquired | Total Checkouts | Full call number | Barcode | Date last seen | Price effective from | Koha item type |
|---|---|---|---|---|---|---|---|---|---|---|---|---|---|---|
| Centre for International Peace & Stability (CIPS) | Centre for International Peace & Stability (CIPS) | Reference | 05/29/2014 | 966.9 DAI 2010 | CIPSCD000001 | 05/29/2014 | 05/29/2014 | Computer Files |
